[Event "South Wales op 19th"]
[Site "Bridgend"]
[Date "2024.07.10"]
[Round "9"]
[White "Bullen, Alex"]
[Black "MacDonald, Duncan"]
[Result "1-0"]
[WhiteElo "2159"]
[BlackElo "1891"]
[PlyCount "155"]
[EventDate "2024.07.05"]
[EventType "swiss"]
[EventRounds "9"]
[EventCountry "WLS"]
[SourceTitle "CBM 221 Extra"]
[Source "ChessBase"]
[SourceDate "2024.09.30"]
[SourceVersion "1"]
[SourceVersionDate "2024.09.30"]
[SourceQuality "1"]

1. Nf3 Nf6 2. c4 e6 3. b3 c5 4. Bb2 Be7 5. e3 b6 6. d4 Bb7 7. Nc3 cxd4 8. exd4 d5 9. Be2 0-0 10. 0-0 Nc6 11. Ne5 Rc8 12. Nxc6 Bxc6 13. Rc1 Qd7 14. Qd3 Rfd8 15. Rfd1 Qb7 16. Qh3 Rc7 17. Bd3 h6 18. Ne2 Ne4 19. Bxe4 dxe4 20. d5 exd5 21. Qg3 Bf8 22. cxd5 Rcd7 23. Bf6 Bxd5 24. Bxd8 Rxd8 25. Nf4 Rd7 26. Nxd5 Rxd5 27. Rxd5 Qxd5 28. Qc3 a5 29. Qc8 e3 30. fxe3 Qd2 31. Qc2 Qxe3+ 32. Kh1 Bc5 33. Rd1 g6 34. Qd2 Qxd2 35. Rxd2 Kg7 36. g3 f5 37. Kg2 Kf6 38. Kf3 Kg5 39. Re2 Kf6 40. h3 Kf7 41. g4 Kf6 42. Re8 fxg4+ 43. Kxg4 h5+ 44. Kf3 Kg5 45. Re4 Kf5 46. Rf4+ Ke5 47. h4 Be7 48. Re4+ Kd6 49. Ke3 g5 50. hxg5 Bxg5+ 51. Kf3 h4 52. Rg4 Bd8 53. Rd4+ Kc7 54. Rd5 Be7 55. Rh5 Kc6 56. Ke4 Bb4 57. Rxh4 Be1 58. Rh1 Bf2 59. Rh5 Bc5 60. Kd3 Kb5 61. Kc3 Ka6 62. Rh6 Bb4+ 63. Kc4 Bc5 64. Rg6 Ba3 65. Rc6 Bb4 66. a4 Ba3 67. Rh6 Bc5 68. Kd5 Be3 69. Re6 Bg1 70. Kc6 Bc5 71. Re8 Ka7 72. Rg8 Bd4 73. Kb5 Kb7 74. Rf8 Be5 75. Rf7+ Bc7 76. Rh7 Kc8 77. Kc6 Bd8 78. Rh8 1-0

[Event "South Wales op 19th"]
[Site "Bridgend"]
[Date "2024.07.07"]
[Round "5"]
[White "Agarwal, Amaya"]
[Black "MacDonald, Duncan"]
[Result "1/2-1/2"]
[WhiteElo "1700"]
[BlackElo "1891"]
[PlyCount "71"]
[EventDate "2024.07.05"]
[EventType "swiss"]
[EventRounds "9"]
[EventCountry "WLS"]
[SourceTitle "CBM 221 Extra"]
[Source "ChessBase"]
[SourceDate "2024.09.30"]
[SourceVersion "1"]
[SourceVersionDate "2024.09.30"]
[SourceQuality "1"]

1. e4 c6 2. d4 d5 3. exd5 cxd5 4. c4 Nf6 5. Nc3 Nc6 6. Nf3 Bg4 7. cxd5 Nxd5 8. Qb3 Bxf3 9. gxf3 Nxc3 10. bxc3 e6 11. Qxb7 Rc8 12. Bb5 Qd7 13. Qxd7+ Kxd7 14. Bf4 Bd6 15. Bg3 Kc7 16. Rg1 g6 17. Rb1 Rb8 18. Kd2 Ne7 19. Rge1 Nf5 20. Bd3 Nxg3 21. fxg3 h5 22. f4 h4 23. Rh1 Rxb1 24. Rxb1 hxg3 25. hxg3 Rh2+ 26. Ke3 Rxa2 27. Be4 Kc8 28. c4 a5 29. c5 Ra3+ 30. Kf2 Bc7 31. Rb2 f5 32. Bb7+ Kd7 33. Ba6 Ra1 34. Bb5+ Ke7 35. Rd2 Rb1 36. Ba4 1/2-1/2

[Event "South Wales op 19th"]
[Site "Bridgend"]
[Date "2024.07.06"]
[Round "3"]
[White "MacDonald, Duncan"]
[Black "Brown, Thomas"]
[Result "0-1"]
[WhiteElo "1891"]
[BlackElo "2138"]
[PlyCount "114"]
[EventDate "2024.07.05"]
[EventType "swiss"]
[EventRounds "9"]
[EventCountry "WLS"]
[SourceTitle "CBM 221 Extra"]
[Source "ChessBase"]
[SourceDate "2024.09.30"]
[SourceVersion "1"]
[SourceVersionDate "2024.09.30"]
[SourceQuality "1"]

1. c4 g6 2. Nc3 Bg7 3. d4 Nf6 4. e4 d6 5. Nf3 0-0 6. h3 Nc6 7. Be3 e5 8. d5 Nd4 9. Nxd4 exd4 10. Bxd4 Nxe4 11. Nxe4 Qh4 12. Bxg7 Qxe4+ 13. Qe2 Qxe2+ 14. Bxe2 Kxg7 15. 0-0 Re8 16. Bf3 Bd7 17. Rfd1 a5 18. Rac1 b6 19. Rc3 f5 20. Kf1 Kf6 21. Re1 Rxe1+ 22. Kxe1 Re8+ 23. Kd2 g5 24. Re3 Rxe3 25. Kxe3 Ke5 26. a3 f4+ 27. Kd3 Bf5+ 28. Kc3 Be4 29. a4 h6 30. b3 h5 31. Bxe4 Kxe4 32. Kd2 Kd4 33. Kc2 h4 34. Kd2 g4 35. Ke2 gxh3 36. gxh3 Kc3 37. Kf3 Kxb3 38. Kxf4 Kxc4 39. Kg5 b5 40. f4 bxa4 41. f5 a3 42. f6 a2 43. f7 a1Q 44. f8Q Qe5+ 45. Kxh4 Qxd5 46. Kg3 a4 47. Qf4+ Kb5 48. Qf1+ Qc4 49. Qf5+ Kb4 50. Qc8 a3 51. Qb7+ Kc3 52. Qa7 a2 53. Qa5+ Kd4 54. Qa7+ Kc3 55. Qa5+ Kc2 56. Kg2 Qe2+ 57. Kg3 Qe5+ 0-1

[Event "BCF-chT4S 2324 (4NCL)"]
[Site "England"]
[Date "2024.01.07"]
[Round "4.15"]
[White "Hutchinson, Joel"]
[Black "MacDonald, Duncan"]
[Result "1/2-1/2"]
[WhiteElo "1896"]
[BlackElo "1751"]
[PlyCount "236"]
[EventDate "2024.02.11"]
[EventType "team-swiss"]
[EventRounds "11"]
[EventCountry "ENG"]
[SourceTitle "EXT 2025"]
[Source "ChessBase"]
[SourceDate "2024.10.14"]
[SourceVersion "1"]
[SourceVersionDate "2024.10.14"]
[SourceQuality "1"]
[WhiteTeam "Average Woodpushers"]
[BlackTeam "ToBeDecided"]
[WhiteTeamCountry "ENG"]
[BlackTeamCountry "ENG"]

1. e4 c6 2. d4 d5 3. exd5 cxd5 4. c4 Nf6 5. Nc3 Nc6 6. Bg5 Ne4 7. Nxe4 dxe4 8. d5 Ne5 9. Qd4 Qc7 10. Qxe4 e6 11. 0-0-0 Bd6 12. Kb1 0-0 13. Nf3 f5 14. Qe2 Nxf3 15. Qxf3 e5 16. Rc1 a5 17. h4 a4 18. a3 e4 19. Qe2 f4 20. Ka1 Bf5 21. Rg1 Rae8 22. g3 f3 23. Qe1 Bc5 24. Be3 b6 25. Qd2 Qd6 26. Qc3 Bxe3 27. Qxe3 Rc8 28. g4 Qh2 29. Rg3 Bd7 30. h5 Rc5 31. Re1 Re8 32. Rh3 Qd6 33. Rg3 b5 34. cxb5 Bxb5 35. Bxb5 Rxb5 36. Qc1 Qxd5 37. Rxf3 Reb8 38. Rf5 Qe6 39. Rxb5 Rxb5 40. Qd1 Qe5 41. Qc2 Rc5 42. Qxa4 Qe6 43. Qa8+ Rc8 44. Rxe4 Qd7 45. Rd4 Qxd4 46. Qxc8+ Kf7 47. Qf5+ Kg8 48. Qe6+ Kf8 49. f4 h6 50. Qf5+ Kg8 51. Qe6+ Kf8 52. Ka2 Qd1 53. g5 hxg5 54. fxg5 Qxh5 55. Qd5 Qg4 56. Kb3 g6 57. Qd8+ Kg7 58. Qf6+ Kg8 59. Qxg6+ Kf8 60. Qd6+ Kg7 61. Qd5 Kg6 62. a4 Qg3+ 63. Ka2 Qe1 64. a5 Qb4 65. b3 Qe7 66. a6 Qe2+ 67. Ka3 Qxa6+ 68. Kb4 Qb6+ 69. Qb5 Qd4+ 70. Ka5 Qa1+ 71. Kb6 Qd4+ 72. Kc7 Qf4+ 73. Kb7 Qf7+ 74. Kb6 Qf2+ 75. Qc5 Qh2 76. b4 Qb8+ 77. Ka6 Qa8+ 78. Kb5 Qa2 79. Kb6 Qh2 80. b5 Qb8+ 81. Ka6 Qa8+ 82. Qa7 Qd5 83. Qe7 Qa2+ 84. Kb7 Qd5+ 85. Kb6 Qd4+ 86. Qc5 Qd8+ 87. Kb7 Qd7+ 88. Ka6 Qd3 89. Ka5 Qd2+ 90. Ka6 Qd3 91. Qe5 Qc4 92. Qf6+ Kh5 93. g6 Qc8+ 94. Ka5 Qa8+ 95. Qa6 Qd8+ 96. Qb6 Qa8+ 97. Kb4 Qe4+ 98. Kc3 Qe5+ 99. Kc4 Qe4+ 100. Kc5 Qf5+ 101. Kc4 Qc2+ 102. Kb4 Qb2+ 103. Kc5 Qc2+ 104. Kd5 Qf5+ 105. Kc6 Qxg6+ 106. Kb7 Qf7+ 107. Ka6 Qa2+ 108. Qa5 Qc4 109. Kb7 Qd5+ 110. Ka7 Qd7+ 111. Ka6 Qc8+ 112. Ka7 Qd7+ 113. Kb8 Qe8+ 114. Kc7 Qe5+ 115. Kc6 Qe6+ 116. Kc5 Qe5+ 117. Kc4 Qe4+ 118. Kb3 Qb1+ 1/2-1/2

[Event "South Wales op 18th"]
[Site "Bridgend"]
[Date "2023.07.09"]
[Round "5"]
[White "Foster, James C"]
[Black "MacDonald, Duncan"]
[Result "0-1"]
[WhiteElo "1955"]
[BlackElo "1636"]
[PlyCount "52"]
[EventDate "2023.07.07"]
[EventType "swiss"]
[EventRounds "9"]
[EventCountry "WLS"]
[SourceTitle "CBM 215 Extra"]
[Source "ChessBase"]
[SourceDate "2023.09.30"]
[SourceVersion "1"]
[SourceVersionDate "2023.09.30"]
[SourceQuality "1"]

1. e4 c6 2. d4 d5 3. f3 e6 4. Nc3 Bb4 5. Qd3 b6 6. Nge2 Ba6 7. Qe3 Ne7 8. Bd2 0-0 9. a3 Bd6 10. e5 Bc7 11. g4 c5 12. 0-0-0 Nbc6 13. f4 b5 14. Qf2 b4 15. axb4 cxb4 16. Nb1 Bb6 17. Be3 Rc8 18. Ng3 Na5 19. Rd3 Qd7 20. Kd1 Qa4 21. Bc1 Qa1 22. Nd2 Rxc2 23. Kxc2 Rc8+ 24. Kd1 Rxc1+ 25. Ke2 Bxd3+ 26. Kxd3 Qxb2 0-1

[Event "South Wales op 18th"]
[Site "Bridgend"]
[Date "2023.07.09"]
[Round "4"]
[White "MacDonald, Duncan"]
[Black "Emblem, Mark"]
[Result "1-0"]
[WhiteElo "1636"]
[BlackElo "1402"]
[PlyCount "79"]
[EventDate "2023.07.07"]
[EventType "swiss"]
[EventRounds "9"]
[EventCountry "WLS"]
[SourceTitle "CBM 215 Extra"]
[Source "ChessBase"]
[SourceDate "2023.09.30"]
[SourceVersion "1"]
[SourceVersionDate "2023.09.30"]
[SourceQuality "1"]

1. c4 b6 2. Nc3 Bb7 3. Nf3 Nf6 4. g3 e6 5. Bg2 Be7 6. 0-0 0-0 7. d4 Ne4 8. Qc2 Nxc3 9. Qxc3 d5 10. Bf4 c5 11. cxd5 Bxd5 12. dxc5 Bxc5 13. Rfd1 Nd7 14. Ne5 Bxg2 15. Rxd7 Qc8 16. Kxg2 f6 17. Rad1 fxe5 18. Qxe5 Qc6+ 19. f3 Rf6 20. Bh6 Bf8 21. Bf4 Rf7 22. Rxf7 Kxf7 23. Rc1 Qe8 24. Rc7+ Kg8 25. Qc3 Qd8 26. Qc6 Qd5 27. Qxd5 exd5 28. Rd7 Re8 29. Kf1 Re7 30. Rxd5 Re6 31. e4 a6 32. Ke2 g6 33. Kd3 Bg7 34. b3 b5 35. Rd6 Kf7 36. Rxe6 Kxe6 37. Be3 Kd6 38. Bd4 Bxd4 39. Kxd4 h6 40. f4 1-0

[Event "Cardiff Welsh op"]
[Site "Cardiff"]
[Date "2023.04.08"]
[Round "3"]
[White "MacDonald, Duncan"]
[Black "Vlkova, Anezka"]
[Result "1/2-1/2"]
[WhiteElo "1566"]
[BlackElo "1956"]
[PlyCount "83"]
[EventDate "2023.04.07"]
[EventType "swiss"]
[EventRounds "7"]
[EventCountry "WLS"]
[SourceTitle "EXT 2024"]
[Source "ChessBase"]
[SourceDate "2023.10.10"]
[SourceVersion "1"]
[SourceVersionDate "2023.10.10"]
[SourceQuality "1"]

1. c4 e5 2. Nc3 Nc6 3. g3 g6 4. Bg2 Bg7 5. Nf3 d6 6. 0-0 Nge7 7. e3 Be6 8. b3 0-0 9. d4 exd4 10. exd4 d5 11. cxd5 Nxd5 12. Ne2 Qd7 13. Bb2 Bh3 14. Ne5 Nxe5 15. dxe5 Bxg2 16. Kxg2 Rfe8 17. Nf4 Nb6 18. Qxd7 Nxd7 19. Nd5 Bxe5 20. Bxe5 Rxe5 21. Nxc7 Rc8 22. Rac1 Re2 23. Nb5 Rxc1 24. Rxc1 a6 25. Rc7 Ne5 26. Nd6 Rxa2 27. Rxb7 f5 28. Ne8 Ng4 29. h3 Rxf2+ 30. Kg1 Re2 31. hxg4 Rxe8 32. gxf5 gxf5 33. Kf2 Rf8 34. Kf3 Rf7 35. Rb6 Kg7 36. Rxa6 Rb7 37. Ra3 Rb4 38. Kg2 Kg6 39. Kh3 Kg5 40. Ra7 h6 41. Ra3 Kh5 42. Ra5 1/2-1/2

[Event "Online Olym Div2 B"]
[Site "Chess.com INT"]
[Date "2021.09.02"]
[Round "3.3"]
[White "MacDonald, Duncan"]
[Black "Rychagov, Nikita1"]
[Result "0-1"]
[WhiteElo "1569"]
[BlackElo "1985"]
[PlyCount "110"]
[EventDate "2021.09.02"]
[EventType "team (rapid)"]
[EventRounds "9"]
[EventCountry "USA"]
[SourceTitle "CBM 204 Extra"]
[Source "ChessBase"]
[SourceDate "2021.11.30"]
[SourceVersion "1"]
[SourceVersionDate "2021.11.30"]
[SourceQuality "1"]
[WhiteTeam "Wales"]
[BlackTeam "Estonia"]
[WhiteTeamCountry "WLS"]
[BlackTeamCountry "EST"]

1. c4 e6 2. Nc3 d5 3. cxd5 exd5 4. d4 c6 5. Nf3 Bd6 6. g3 Nf6 7. Bg2 0-0 8. 0-0 h6 9. Re1 Re8 10. Qc2 Nbd7 11. e4 dxe4 12. Nxe4 Nxe4 13. Rxe4 Rxe4 14. Qxe4 Nf6 15. Qd3 Be6 16. Be3 Qd7 17. Rd1 Rd8 18. a3 Nd5 19. Qd2 Bh3 20. Ne5 Qe6 21. Bxh3 Qxh3 22. Nc4 Bc7 23. Qe2 Nf6 24. Qf1 Qh5 25. Re1 Re8 26. Nd2 Ng4 27. Qg2 Bb6 28. Nf3 Qb5 29. h3 Nf6 30. g4 Qxb2 31. a4 Nd5 32. Ne5 f6 33. Nc4 Qb4 34. Rc1 Qxa4 35. Qf3 Qb4 36. Qf5 Qe7 37. Qg6 Qe4 38. Qxe4 Rxe4 39. Nd6 Re7 40. Nf5 Rd7 41. Kg2 Ne7 42. Ng3 Kf7 43. Rd1 c5 44. Ne2 cxd4 45. Bxd4 Nc6 46. Bxb6 Rxd1 47. Be3 a5 48. Nc3 Rd7 49. Nb5 a4 50. Nc3 a3 51. Bc5 Rd3 52. Na2 Rd2 53. Nb4 a2 54. Nxc6 bxc6 55. Be3 Rd1 0-1